[Event "Berlin Lieb Memorial 3rd"]
[Site "Berlin"]
[Date "2017.06.22"]
[Round "5"]
[White "Wuttke, Rudolf"]
[Black "Ziems, Michael"]
[Result "0-1"]
[WhiteElo "1691"]
[BlackElo "1818"]
[PlyCount "133"]
[EventDate "2017.05.11"]
[EventType "swiss"]
[EventRounds "7"]
[EventCountry "GER"]
[SourceTitle "CBM 189 Extra"]
[Source "ChessBase"]
[SourceDate "2019.06.03"]
[SourceVersion "1"]
[SourceVersionDate "2019.06.03"]
[SourceQuality "1"]

1. c4 e6 2. Nc3 d5 3. cxd5 exd5 4. d4 Nf6 5. Bf4 c6 6. e3 Bf5 7. Bd3 Bg6 8. Bxg6 hxg6 9. Qb3 Qb6 10. Qxb6 axb6 11. a3 Nbd7 12. Nge2 b5 13. 0-0 Nb6 14. Nc1 Nc4 15. Nd3 Ne4 16. Nxe4 dxe4 17. Nc5 Bxc5 18. dxc5 Nd2 19. Rfd1 Nb3 20. Rab1 Nxc5 21. Rd4 Nd7 22. Bd6 f5 23. Bc7 Nf6 24. Rbd1 Nd5 25. Rxd5 cxd5 26. Rxd5 b4 27. g3 bxa3 28. bxa3 0-0 29. Rb5 Rxa3 30. Rxb7 Rf7 31. Rb8+ Kh7 32. Be5 Ra5 33. Bf4 Ra2 34. Rb1 Rfa7 35. Kg2 Rc2 36. h3 Raa2 37. Rf1 Kg8 38. g4 Kf7 39. g5 Ke6 40. Bg3 Re2 41. Bf4 Red2 42. Bg3 Rd3 43. Re1 Rdd2 44. Rb1 Rac2 45. Bf4 Rc6 46. Rb8 Rd7 47. Rb5 Rc2 48. Rb6+ Kf7 49. Rb1 Rdd2 50. Rf1 Ke6 51. Bg3 Kd5 52. Bf4 Kc4 53. Bg3 Kd3 54. Be5 Ra2 55. Bxg7 f4 56. Bd4 Ra4 57. Bb6 Ra6 58. Bd4 Ra5 59. h4 Rf5 60. Bb6 Rb5 61. Bd4 Ke2 62. Rh1 Rf5 63. Rb1 Rd5 64. Bc3 fxe3 65. fxe3 Rd1 66. Rxd1 Kxd1 67. Bd4 0-1

[Event "Berlin Lieb Memorial 2nd"]
[Site "Berlin"]
[Date "2016.05.19"]
[Round "1"]
[White "Krefenstein, Sergej"]
[Black "Wuttke, Rudolf"]
[Result "1-0"]
[WhiteElo "2187"]
[BlackElo "1693"]
[PlyCount "73"]
[EventDate "2016.05.19"]
[EventType "swiss"]
[EventRounds "7"]
[EventCountry "GER"]
[SourceTitle "EXT 2022"]
[Source "ChessBase"]
[SourceDate "2021.10.06"]
[SourceVersion "1"]
[SourceVersionDate "2021.10.06"]
[SourceQuality "1"]

1. e4 e5 2. Nf3 Nc6 3. d4 exd4 4. Nxd4 Nxd4 5. Qxd4 b6 6. Bc4 Bb7 7. Nc3 c5 8. Qd3 Nf6 9. 0-0 d6 10. Bf4 Be7 11. Bb5+ Nd7 12. Bxd6 a6 13. Bxe7 Qxe7 14. Bxd7+ Qxd7 15. Qxd7+ Kxd7 16. Rad1+ Kc6 17. Rd2 Rad8 18. Rfd1 Rxd2 19. Rxd2 b5 20. f3 Kc7 21. Nd5+ Bxd5 22. Rxd5 Kc6 23. Kf2 Re8 24. Ke3 Re7 25. Rg5 f6 26. Rd5 Rd7 27. Rxd7 Kxd7 28. c3 Kd6 29. b4 g5 30. g3 Kc6 31. h4 h6 32. Kd3 c4+ 33. Kd4 Kd6 34. f4 gxh4 35. gxh4 h5 36. f5 Kc6 37. e5 1-0

[Event "Zehlendorf op 14th"]
[Site "Berlin"]
[Date "2014.05.22"]
[Round "3"]
[White "Wuttke, Rudolf"]
[Black "Schubert, Johann Georg"]
[Result "0-1"]
[WhiteElo "1721"]
[BlackElo "1920"]
[PlyCount "128"]
[EventDate "2014.05.08"]
[EventType "swiss"]
[EventRounds "7"]
[EventCountry "GER"]
[SourceTitle "EXT 2023"]
[Source "ChessBase"]
[SourceDate "2022.10.05"]
[SourceVersion "1"]
[SourceVersionDate "2022.10.05"]
[SourceQuality "1"]

1. c4 e6 2. Nc3 d5 3. cxd5 exd5 4. d4 Nf6 5. Nf3 Bf5 6. e3 c6 7. Bd3 Bg4 8. h3 Bh5 9. Be2 Bd6 10. Qb3 Qc7 11. Ne5 Bxe2 12. Nxe2 0-0 13. Nd3 Nbd7 14. Bd2 a5 15. 0-0 Ne4 16. Be1 Rfe8 17. a4 Nb6 18. Nc3 Nd7 19. Rc1 Ndf6 20. Qc2 Qe7 21. Nxe4 Nxe4 22. f4 Bb4 23. Rf3 Bxe1 24. Rxe1 Rac8 25. Nc5 Nxc5 26. Qxc5 Qxc5 27. dxc5 Re4 28. b3 Rce8 29. Kf2 d4 30. Rd1 dxe3+ 31. Ke2 Kf8 32. Rd7 Rb4 33. Rd3 h5 34. g3 h4 35. g4 Ree4 36. Rfxe3 f5 37. gxf5 Rxf4 38. Rd8+ Kf7 39. Rd7+ Kf6 40. Re6+ Kxf5 41. Ree7 Rfe4+ 42. Rxe4 Kxe4 43. Rxg7 Kd4 44. Kd2 Rxb3 45. Rg4+ Kxc5 46. Rxh4 b5 47. Kc2 Rg3 48. Kb2 Rg2+ 49. Kb3 Rd2 50. axb5 cxb5 51. Rh5+ Rd5 52. Rh8 a4+ 53. Kc2 b4 54. Rc8+ Kd4 55. Rb8 Kc4 56. h4 Rc5 57. Rg8 a3 58. Rg4+ Kb5+ 59. Kb3 Rc3+ 60. Ka2 Ka4 61. h5 Rc2+ 62. Kb1 Rh2 63. Rg5 Rh3 64. Ka1 Kb3 0-1

[Event "Zehlendorf op"]
[Site "Berlin"]
[Date "2010.05.27"]
[Round "3"]
[White "Steppan, Siegfried"]
[Black "Wuttke, Rudolf"]
[Result "1-0"]
[WhiteElo "1595"]
[BlackElo "1649"]
[PlyCount "67"]
[EventDate "2010.05.06"]
[EventType "swiss"]
[EventRounds "7"]
[EventCountry "GER"]
[SourceTitle "EXT 2022"]
[Source "ChessBase"]
[SourceDate "2021.10.06"]
[SourceVersion "1"]
[SourceVersionDate "2021.10.06"]
[SourceQuality "1"]

1. d4 Nf6 2. c4 e6 3. Nc3 Bb4 4. Qc2 c5 5. dxc5 Nc6 6. Nf3 Bxc5 7. e3 0-0 8. Be2 b6 9. 0-0 Qc7 10. a3 Bb7 11. b4 Be7 12. Bb2 h6 13. Nb5 Qb8 14. Rfd1 d5 15. Rac1 Rc8 16. Qb1 a5 17. cxd5 exd5 18. Nbd4 Nxd4 19. Rxc8+ Qxc8 20. Bxd4 axb4 21. axb4 Qd8 22. Ne5 Qe8 23. Rc1 Qd8 24. b5 Ne4 25. Rc2 Bd6 26. Nc6 Bxh2+ 27. Kxh2 Qh4+ 28. Kg1 Qxf2+ 29. Kh2 Qh4+ 30. Kg1 Ng3 31. Kf2 Nh1+ 32. Kg1 Nf2 33. Ne7+ Kh7 34. Qf1 1-0